Neural Networks in Computer Intelligence /

Guardat en:
Dades bibliogràfiques
Autor principal: Fu, Limin
Format: Sách giấy
Idioma:English
Publicat: Singapore : McGraw-Hill , 1994
Etiquetes: Afegir etiqueta
Sense etiquetes, Sigues el primer a etiquetar aquest registre!
Thư viện lưu trữ: Thư viện Trường Đại học Đà Lạt
LEADER 00561nam a2200241 4500
001 DLU020010007
005 ##11/10/1999
041 # # |a eng 
082 # # |a 006.3  |b FU-L 
090 # # |a 006.3  |b FU-L 
100 # # |a Fu, Limin 
245 # # |a Neural Networks in Computer Intelligence /  |c Fu LiMin 
260 # # |a Singapore :  |b McGraw-Hill ,  |c 1994 
300 # # |a X, 460 tr.;   |c 23 cm. 
992 # # |a 231231 
994 # # |a DLU 
900 # # |a False 
911 # # |a Administrator 
925 # # |a G 
926 # # |a A 
927 # # |a SH 
980 # # |a Thư viện Trường Đại học Đà Lạt